000 00570cam a2200157 4500500
005 20251228090900.0
041 _afre
042 _adc
100 1 0 _aLe Cadre, Patrice
_eauthor
700 1 0 _aFaguer, Nicolas
_eauthor
245 0 0 _aLe théâtre de Péguy fait cinéma : un entretien avec Patrice Le Cadre
260 _c2019.
500 _a28
786 0 _nBulletin de l’Amitié Charles Péguy | 165 | 1 | 2019-04-24 | p. 8-15 | 0180-8567
856 4 1 _uhttps://shs.cairn.info/revue-bulletin-de-lamitie-charles-peguy-2019-1-page-8?lang=fr&redirect-ssocas=7080
999 _c1602830
_d1602830